| 000 | 00541nam a2200205Ia 4500 | ||
|---|---|---|---|
| 001 | 14895 | ||
| 003 | GE_BSU | ||
| 008 | 181216s||||||||xx |||||||||||||| ||und|| | ||
| 040 | _cGE_BSU | ||
| 080 | _a514.515+517.31 | ||
| 100 | _aБердон,А | ||
| 245 | _aГеометрия дискретных групп | ||
| 245 | _cРед.Т.А.Панькова | ||
| 260 | _aМосква | ||
| 260 | _bНаука | ||
| 260 | _c1986 | ||
| 300 | _a299стр.22см. | ||
| 653 | _aГеометрия дискретных групп | ||
| 942 | _cBK | ||
| 999 |
_c48015 _d48015 |
||